| 000 | 00385nam a2200157Ia 4500 | ||
|---|---|---|---|
| 008 | 221030s9999 xx 000 0 und d | ||
| 020 | _a0070495491 | ||
| 041 | _aEnglish | ||
| 082 |
_a105.23 _bLip |
||
| 100 | _aS. Lipschutz | ||
| 245 | 0 | _aSchaum`s Series Theory & Problems Of Data Structures | |
| 260 |
_bTMH _aNew Delhi _c2004 |
||
| 300 | _a344 | ||
| 650 | _aComputers | ||
| 942 | _cBK | ||
| 999 |
_c8690 _d8690 |
||